<?xml version="1.0" encoding="UTF-8"?>
<record
    xmlns:xsi="http://www.w3.org/2001/XMLSchema-instance"
    xsi:schemaLocation="http://www.loc.gov/MARC21/slim http://www.loc.gov/standards/marcxml/schema/MARC21slim.xsd"
    xmlns="http://www.loc.gov/MARC21/slim">

  <leader>01222nam a2200169   4500</leader>
  <datafield tag="999" ind1=" " ind2=" ">
    <subfield code="c">27562</subfield>
    <subfield code="d">27562</subfield>
  </datafield>
  <datafield tag="020" ind1=" " ind2=" ">
    <subfield code="a">9780367187934 (pbk.)</subfield>
  </datafield>
  <datafield tag="082" ind1="0" ind2="0">
    <subfield code="a">158.1</subfield>
    <subfield code="b">SOC-</subfield>
  </datafield>
  <datafield tag="245" ind1="0" ind2="4">
    <subfield code="a">The social psychology of gullibility :</subfield>
    <subfield code="b">fake news, conspiracy theories and irrational beliefs /</subfield>
    <subfield code="c">edited by Joseph P. Forgas and Roy F. Baumeister.</subfield>
  </datafield>
  <datafield tag="260" ind1=" " ind2=" ">
    <subfield code="a">New York:</subfield>
    <subfield code="b">Routledge,</subfield>
    <subfield code="c">2019</subfield>
  </datafield>
  <datafield tag="300" ind1=" " ind2=" ">
    <subfield code="a">xv, 335</subfield>
  </datafield>
  <datafield tag="520" ind1=" " ind2=" ">
    <subfield code="a"> The book reveals what social and cognitive psychology contribute to our understanding of how human judgments and decisions can be distorted and undermined. The chapters discuss the nature and functions of gullibility, the role of cognitive processes in gullibility, the influence of emotion and motivation on gullibility, and social and cultural aspects of gullibility. Underpinned by a wealth of empirical research, contributors explore captivating issues such as the psychology of conspiracy theories, the role of political gullibility, gullibility in science, the role of the internet in fostering gullibility, and the failures of reasoning that contribute to human credulity.</subfield>
  </datafield>
  <datafield tag="650" ind1=" " ind2="0">
    <subfield code="a">Credulity.</subfield>
  </datafield>
  <datafield tag="650" ind1=" " ind2="0">
    <subfield code="a">Belief and doubt.</subfield>
  </datafield>
  <datafield tag="700" ind1="1" ind2=" ">
    <subfield code="a">Forgas, Joseph P.,</subfield>
    <subfield code="e">editor.</subfield>
  </datafield>
  <datafield tag="700" ind1="1" ind2=" ">
    <subfield code="a">Baumeister, Roy F.,</subfield>
    <subfield code="e">editor.</subfield>
  </datafield>
  <datafield tag="942" ind1=" " ind2=" ">
    <subfield code="2">ddc</subfield>
    <subfield code="c">BK</subfield>
  </datafield>
  <datafield tag="952" ind1=" " ind2=" ">
    <subfield code="0">0</subfield>
    <subfield code="1">0</subfield>
    <subfield code="4">0</subfield>
    <subfield code="7">0</subfield>
    <subfield code="a">NASSDOC</subfield>
    <subfield code="b">NASSDOC</subfield>
    <subfield code="d">2022-03-24</subfield>
    <subfield code="e">7</subfield>
    <subfield code="g">3288.34</subfield>
    <subfield code="l">0</subfield>
    <subfield code="o">158.1 SOC-</subfield>
    <subfield code="p">52217</subfield>
    <subfield code="r">2022-03-24 00:00:00</subfield>
    <subfield code="v">4504.58</subfield>
    <subfield code="w">2022-03-24</subfield>
    <subfield code="y">BK</subfield>
  </datafield>
</record>
